00520nam a2200145 i 4500001000300000100004800003245009000051260004800141300002000189040000800209041000800217080001000225008004100235856009800276bg1 aGinzburg, Vitalij Lazarevičd(1916-2009).10aO fizyce i astrofizyce /cV. L. Ginzburg ; [z jęz. ros. przeł. Marek Demiański]. aWarszawa :bPaństw. Wydawn. Nauk.,c1979. as. 167, nlb. 1. cBPK apol a53+52 s pl f |000 0 pol  uhttp://koha.tu.koszalin.pl/cgi-bin/koha/opac-detail.pl?biblionumber=21461yKatalog online BPK